000 00702nam a2200241Ia 4500
003 OSt
005 20220928102104.0
006 a|||||r|||| 00| 0
007 ta
008 220927b |||||||| |||| 00| 0 eng d
024 _a69358
037 _cTextual
040 _aSDCL
_cSDCL
_beng
041 _2eng
_aeng
082 _aO-,1M:g, P4
100 _aVendler Helen
_9396529
245 0 _aPoets thinking
_b Pope, Whitman, Dickinson, Yeats.
260 _aCambridge
_bHarvard University Press
_c2004
300 _a142p
_ccm.
650 _aEnglish literature-poetry-nineteenth century criticism
_9396530
942 _hO-,1M:g, P4
_cTEXL
_2CC
999 _c712265
_d712265